Sports Quiz

Random Sports Quiz

Schools with Smallest FBS Stadiums Quiz Stats

 Plays Quiz not verified by Sporcle

Score 0/7 Timer 03:00
0 Plays Today
Seats School % Correct
16,000Idaho
68.3%
22,113Western Kentucky
47.2%
24,000Ohio
43.1%
18,000Florida International
39.8%
20,450Florida Atlantic
39%
22,500Ball St
39%
24,286Miami (OH)
14.6%

You're not logged in!

Compare scores with friends on all Sporcle quizzes.
OR
Log In

Show Comments

Extras

Created Oct 12, 2010ReportNominate
Tags:FBS, school, seat, smallest, Stadiums

Top Quizzes Today


Score Distribution

Your Account Isn't Verified!

In order to create a playlist on Sporcle, you need to verify the email address you used during registration. Go to your Sporcle Settings to finish the process.

Report this User

Report this user for behavior that violates our Community Guidelines.

Details: